東京◯◯大学 - Statistics

General Stats
  • This quiz has been taken 10 times
  • The average score is 17 of 48
Answer Stats
所在地 Answer % Correct
東京学芸大学
100%
東京農工大学
100%
東京藝術大学
100%
東京科学大学
100%
東京海洋大学
100%
公立 東京 東京都立大学
100%
東京農業大学
100%
国立 東京 東京外国語大学
80%
東京音楽大学
80%
東京理科大学
80%
東京医科大学
60%
東京経済大学
60%
東京歯科大学
60%
東京女子大学
60%
東京都市大学
60%
東京歯科大学短期大学
60%
東京情報大学
40%
東京家政大学
40%
東京工科大学
40%
東京富士大学
40%
東京未来大学
40%
私立 群馬 東京福祉大学
20%
埼玉 東京国際大学
20%
東京家政学院大学
20%
東京慈恵会医科大学
20%
東京女子医科大学
20%
東京聖栄大学
20%
東京成徳大学
20%
東京通信大学
20%
東京電機大学
20%
短大 千葉 東京経営短期大学
20%
東京成徳短期大学
20%
東京都立産業技術大学院大学
0%
千葉 東京基督教大学
0%
東京 東京有明医療大学
0%
東京医療学院大学
0%
東京医療保健大学
0%
東京工芸大学
0%
東京純心大学
0%
東京女子体育大学
0%
東京神学大学
0%
東京造形大学
0%
東京薬科大学
0%
東京 東京交通短期大学
0%
東京女子体育短期大学
0%
東京立正短期大学
0%
専門職大 東京 東京国際工科専門職大学
0%
東京情報デザイン専門職大学
0%
No matching quizzes found
Score Distribution
Percent of People with Each Score
Percentile by Number Answered
Your Score History
You have not taken this quiz